Korea annual 1995
Kaydedildi:
| Materyal Türü: | Kitap |
|---|---|
| Dil: | Undetermined |
| Baskı/Yayın Bilgisi: |
Korea
Yonhap
1995
|
| Konular: | |
| Etiketler: |
Etiketle
Etiket eklenmemiş, İlk siz ekleyin!
|
| Thư viện lưu trữ: | Trung tâm Học liệu Trường Đại học Cần Thơ |
|---|
| LEADER | 00387nam a2200157Ia 4500 | ||
|---|---|---|---|
| 001 | CTU_22126 | ||
| 008 | 210402s9999 xx 000 0 und d | ||
| 082 | |a 951.9 | ||
| 082 | |b K84 | ||
| 245 | 0 | |a Korea annual 1995 | |
| 260 | |a Korea | ||
| 260 | |b Yonhap | ||
| 260 | |c 1995 | ||
| 650 | |a korea - history | ||
| 904 | |i Minh, 980306 | ||
| 980 | |a Trung tâm Học liệu Trường Đại học Cần Thơ | ||